书目信息 |
| 题名: |
花图鉴
|
|
| 作者: | ;张文慧 译 ;日本主妇之友社 编著 | |
| 分册: | ||
| 出版信息: | 北京 机械工业出版社 2022.02 |
|
| 页数: | 219页 | |
| 开本: | 26cm | |
| 丛书名: | ||
| 单 册: | ||
| 中图分类: | S68-64 | |
| 科图分类: | ||
| 主题词: | 花卉--hua hui--观赏园艺--图集 | |
| 电子资源: | ||
| ISBN: | 978-7-111-70067-8 | |
| 000 | 01161nam0 2200265 450 | |
| 001 | 25199 | |
| 005 | 20220918165012.64 | |
| 010 | @a978-7-111-70067-8@dCNY98.00 | |
| 100 | @a20220402d2022 em y0chiy50 ea | |
| 101 | 1 | @achi@cjpn |
| 102 | @aCN@b110000 | |
| 105 | @aa z 001yy | |
| 200 | 1 | @a花图鉴@Ahua tu jian@e500种庭院花卉识别与养护@f日本主妇之友社编著@g张文慧译 |
| 210 | @a北京@c机械工业出版社@d2022.02 | |
| 215 | @a219页@c彩图@d26cm | |
| 306 | @a由主妇之友社授权出版 | |
| 320 | @a有索引 | |
| 330 | @a本书选取花园中常见的500多种花卉, 按季节分类对其进行介绍, 并提供了花卉的种植方法等相关内容, 帮您轻松掌握其中的养护技巧。这些花卉可以栽培在容器或花盆里装饰阳台或院落, 对美化环境很有帮助, 还可以让您享受培育花卉带来的乐趣。同时, 本书也以实例的方式介绍了许多美丽庭院, 所展示的花花草草的组合搭配等, 也很值得学习和借鉴。 | |
| 517 | 1 | @a500种庭院花卉识别与养护@A500 zhong ting yuan hua hui shi bie yu yang hu |
| 606 | 0 | @a花卉@Ahua hui@x观赏园艺@j图集 |
| 690 | @aS68-64@v5 | |
| 702 | 0 | @a张文慧@Azhang wen hui@4译 |
| 711 | 02 | @a日本主妇之友社@Ari ben zhu fu zhi you she@4编著 |
| 801 | 0 | @aCN@c20220910 |
| 905 | @a河南城建学院图书馆@dS68-64@eZ190@f2 | |
| 花图鉴:500种庭院花卉识别与养护/日本主妇之友社编著/张文慧译.-北京:机械工业出版社,2022.02 |
| 219页:彩图;26cm |
| ISBN 978-7-111-70067-8:CNY98.00 |
| 本书选取花园中常见的500多种花卉, 按季节分类对其进行介绍, 并提供了花卉的种植方法等相关内容, 帮您轻松掌握其中的养护技巧。这些花卉可以栽培在容器或花盆里装饰阳台或院落, 对美化环境很有帮助, 还可以让您享受培育花卉带来的乐趣。同时, 本书也以实例的方式介绍了许多美丽庭院, 所展示的花花草草的组合搭配等, 也很值得学习和借鉴。 |
| ● |
| 相关链接 |
|
|
|
正题名:花图鉴
索取号:S68-64/Z190
 
预约/预借
| 序号 | 登录号 | 条形码 | 馆藏地/架位号 | 状态 | 备注 |
| 1 | 1576013 | 215760139 | 自科库401/401自科库 68排1列4层/ [索取号:S68-64/Z190] | 在馆 | |
| 2 | 1576014 | 215760148 | 自科库401/401自科库 68排1列4层/ [索取号:S68-64/Z190] | 在馆 |